All Incorporated Municipalities of Lackawanna County, Pennsylvania - Statistics

General Stats
  • This quiz has been taken 9 times
  • The average score is 24 of 40
Answer Stats
Answer % Correct
Clarks Summit
100%
Dunmore
100%
Moosic
100%
Newton
100%
Old Forge
100%
Ransom
100%
Scott
100%
Scranton
100%
Taylor
100%
Carbondale
67%
Carbondale
67%
Clarks Green
67%
Dalton
67%
Dickson City
67%
Greenfield
67%
Jermyn
67%
Jessup
67%
Moscow
67%
North Abington
67%
Olyphant
67%
South Abington
67%
Throop
67%
Waverly
67%
West Abington
67%
Archbald
33%
Benton
33%
Blakely
33%
Clifton
33%
Covington
33%
Elmhurst
33%
Glenburn
33%
Jefferson
33%
La Plume
33%
Madison
33%
Mayfield
33%
Roaring Brook
33%
Spring Brook
33%
Thornhurst
33%
Vandling
33%
Fell
0%
No matching quizzes found
Score Distribution
Percent of People with Each Score
Percentile by Number Answered
Your Score History
You have not taken this quiz